00833nam a2200169Ia 4500008004100000020001800041082001800059100003900077245010100116260006600217300001100283440006100294500002700355650015500382952010900537999001700646120622s9999 xx 000 0 und d a968-856-202-5 a388.428 N322t aNavarro Benítez, Bernardo, 1956- aEl traslado masivo de la fuerza de trabajo en la Ciudad de México / Bernardo Navarro Benítez aMéxico : Departamento del Distrito Federal : Plaza y Valdes a182 p. aDesarrollo urbano : "Desafíos de una gran metrópoli" aIncluye bibliografía a1. METRO (MEDIO DE TRANSPORTE) - MEXICO (CIUDAD) \ 2. TRANSPORTE URBANO - MEXICIO (CIUDAD) \ 3. TRANSPORTE DE PASAJEROS \ 4. TRABAJO Y TRABAJADORESÌ 00102lcc4070a22b22d2007-01-25l1o388.428 N322Tp01 001786r2023-07-17s2019-01-09w2012-06-24yLB c58959d58959